Sports Quiz

Random Sports or Tennis Quiz

Men's Tennis Year-End Top 4 Quiz Stats

Quiz Updated Jan 4, 2018

Challenge
Share
Tweet
Embed
Score 0/180 Timer 05:00
1 Play Today
Hint Answer % Correct
2017Roger Federer
98.9%
2017Rafael Nadal
98.1%
2003Roger Federer
98%
2004Roger Federer
98%
2005Roger Federer
98%
2006Roger Federer
98%
2007Roger Federer
98%
2008Roger Federer
98%
2009Roger Federer
98%
2010Roger Federer
98%
2011Roger Federer
98%
2012Roger Federer
98%
2014Roger Federer
98%
2015Roger Federer
97.9%
2005Rafael Nadal
96.5%
2006Rafael Nadal
96.5%
2007Rafael Nadal
96.5%
2008Rafael Nadal
96.5%
2009Rafael Nadal
96.5%
2010Rafael Nadal
96.5%
2011Rafael Nadal
96.5%
2012Rafael Nadal
96.5%
2013Rafael Nadal
96.5%
2014Rafael Nadal
96.4%
2016Andy Murray
94.3%
2016Novak Djokovic
94.1%
1999Pete Sampras
93.6%
2000Pete Sampras
93.6%
1992Pete Sampras
93.6%
1993Pete Sampras
93.6%
1994Pete Sampras
93.6%
1995Pete Sampras
93.6%
1996Pete Sampras
93.6%
1997Pete Sampras
93.6%
1998Pete Sampras
93.6%
2014Novak Djokovic
92.9%
2007Novak Djokovic
92.7%
2008Novak Djokovic
92.7%
2009Novak Djokovic
92.7%
2010Novak Djokovic
92.7%
2011Novak Djokovic
92.7%
2012Novak Djokovic
92.7%
2013Novak Djokovic
92.7%
2015Novak Djokovic
92.6%
1988Andre Agassi
91.9%
1990Andre Agassi
91.9%
1994Andre Agassi
91.9%
1995Andre Agassi
91.9%
1999Andre Agassi
91.9%
2001Andre Agassi
91.9%
2002Andre Agassi
91.9%
2003Andre Agassi
91.9%
2015Andy Murray
91%
2008Andy Murray
90.7%
2009Andy Murray
90.7%
2010Andy Murray
90.7%
2011Andy Murray
90.7%
2012Andy Murray
90.7%
2013Andy Murray
90.7%
1978John McEnroe
87.1%
Hint Answer % Correct
1979John McEnroe
87.1%
1980John McEnroe
87.1%
1981John McEnroe
87.1%
1982John McEnroe
87.1%
1983John McEnroe
87.1%
1984John McEnroe
87.1%
1985John McEnroe
87.1%
1989John McEnroe
87.1%
1974Bjorn Borg
82.2%
1975Bjorn Borg
82.2%
1976Bjorn Borg
82.2%
1977Bjorn Borg
82.2%
1978Bjorn Borg
82.2%
1979Bjorn Borg
82.2%
1980Bjorn Borg
82.2%
1981Bjorn Borg
82.2%
2016Stan Wawrinka
76.6%
1973Jimmy Connors
76.3%
1974Jimmy Connors
76.3%
1975Jimmy Connors
76.3%
1976Jimmy Connors
76.3%
1977Jimmy Connors
76.3%
1978Jimmy Connors
76.3%
1979Jimmy Connors
76.3%
1980Jimmy Connors
76.3%
1981Jimmy Connors
76.3%
1982Jimmy Connors
76.3%
1983Jimmy Connors
76.3%
1984Jimmy Connors
76.3%
1985Jimmy Connors
76.3%
1987Jimmy Connors
76.3%
1988Boris Becker
73.6%
1991Boris Becker
73.6%
1994Boris Becker
73.6%
1995Boris Becker
73.6%
1986Boris Becker
73.6%
1989Boris Becker
73.6%
1990Boris Becker
73.6%
2004Andy Roddick
72.4%
2005Andy Roddick
72.4%
2003Andy Roddick
72.4%
1981Ivan Lendl
71.3%
1982Ivan Lendl
71.3%
1983Ivan Lendl
71.3%
1984Ivan Lendl
71.3%
1985Ivan Lendl
71.3%
1986Ivan Lendl
71.3%
1987Ivan Lendl
71.3%
1988Ivan Lendl
71.3%
1989Ivan Lendl
71.3%
1990Ivan Lendl
71.3%
2001Lleyton Hewitt
66.9%
2002Lleyton Hewitt
66.9%
2004Lleyton Hewitt
66.9%
2005Lleyton Hewitt
66.9%
2014Stan Wawrinka
59.6%
2015Stan Wawrinka
58.6%
1987Stefan Edberg
58.3%
1992Stefan Edberg
58.3%
1989Stefan Edberg
58.3%
Hint Answer % Correct
1990Stefan Edberg
58.3%
1991Stefan Edberg
58.3%
2013David Ferrer
58.3%
1996Michael Chang
57.9%
1997Michael Chang
57.9%
2016Milos Raonic
57.4%
2017Grigor Dimitrov
54.7%
1991Jim Courier
53.8%
1992Jim Courier
53.8%
1993Jim Courier
53.8%
2017Alexander Zverev
52.8%
1975Arthur Ashe
50.5%
1983Mats Wilander
46.9%
1984Mats Wilander
46.9%
1985Mats Wilander
46.9%
1986Mats Wilander
46.9%
1987Mats Wilander
46.9%
1988Mats Wilander
46.9%
2000Marat Safin
46.3%
2004Marat Safin
46.3%
2002Marat Safin
46.3%
1974Rod Laver
43.4%
1997Pat Rafter
42.7%
1998Pat Rafter
42.7%
2000Gustavo Kuerten
40.7%
2001Gustavo Kuerten
40.7%
1992Goran Ivanisevic
37.5%
1996Goran Ivanisevic
37.5%
1973Ilie Nastase
37.2%
1976Ilie Nastase
37.2%
2002Juan Carlos Ferrero
31.1%
2003Juan Carlos Ferrero
31.1%
1996Yevgeny Kafelnikov
30.5%
1999Yevgeny Kafelnikov
30.5%
2001Yevgeny Kafelnikov
30.5%
1975Guillermo Vilas
28.4%
1977Guillermo Vilas
28.4%
1978Guillermo Vilas
28.4%
1982Guillermo Vilas
28.4%
1973John Newcombe
28%
1974John Newcombe
28%
1991Michael Stich
28%
1993Michael Stich
28%
2006Nikolay Davydenko
27.4%
2007Nikolay Davydenko
27.4%
1986Yannick Noah
24.8%
2006James Blake
23.7%
1998Marcelo Rios
23.3%
1995Thomas Muster
22.6%
1977Vitas Gerulaitis
15.1%
1979Vitas Gerulaitis
15.1%
1993Sergi Bruguera
14.7%
1994Sergi Bruguera
14.7%
2000Magnus Norman
12%
1998Alex Corretja
11.4%
1976Manuel Orantes
9.5%
1999Thomas Enqvist
9%
1997Jonas Bjorkman
8.2%
1973Tom Okker
6.7%
1980Gene Mayer
4.2%

You're not logged in!

Compare scores with friends on all Sporcle quizzes.
Sign Up with Email
OR
Log In

You Might Also Like...

Show Comments

Extras

Top Quizzes Today


Score Distribution

Your Account Isn't Verified!

In order to create a playlist on Sporcle, you need to verify the email address you used during registration. Go to your Sporcle Settings to finish the process.

Report this User

Report this user for behavior that violates our Community Guidelines.

Details: